000 00905nam a22002777a 4500
003 0
005 20180803120317.0
008 0
010 _aA-946203
020 _a8170367484
_c345.00
035 _aA-946203, A-946204
037 _bCen Lib/Ret
040 _aDPL
_bEN
_c0
082 _a070.4493054
100 _aBathla, Sonia
_9824
245 _aWomen, democracy and the media :
_cby Sonia Bthla
_bcultural and political representation in the Indian press /
260 _aNew Delhi
_bSage Publications
_c1998
270 _aM-32 Market, Greater Kailash
_bNew Delhi
_e110048
300 _a209p.
_c22cm(Hb)
500 _aIncludes bibliographical references and index
650 _aPolitical Science
_9825
650 _aDemocracy
_9826
650 _aराजनीति विज्ञान
_9442
650 _a जनतंत्र
_9827
942 _2ddc
_cEN
_h070.4493054
_mBAT
999 _c122571
_d122571